| 000 | 02755cam a22005294i 4500 | ||
|---|---|---|---|
| 003 | PE-LiUPU | ||
| 005 | 20250731180141.0 | ||
| 008 | 150706s r 000 0 d | ||
| 020 | _a08910512841 | ||
| 035 | _a(Sirsi) i08910512841 | ||
| 040 |
_aPE-LiUPU _bspa _cPE-LiUPU _erda |
||
| 049 | _aPRUA | ||
| 082 | 0 | 4 |
_a575 _bW56 _221 |
| 100 | 1 |
_aWieland, Carl, _eautor. |
|
| 245 | 1 | 0 |
_aPiedras y huesos : _buna poderosa evidencia contra la evolución / _cCarl Wieland. |
| 264 | 1 |
_aAustralia : _bMaster Books, _c[19--]. |
|
| 300 |
_a48 páginas : _bilustraciones ; _c21 centímetros |
||
| 336 |
_atext _2rdacontent |
||
| 337 |
_aunmediated _2rdamedia |
||
| 338 |
_avolume _2rdacarrier |
||
| 500 | _aCiencia -- ¿No es la evolución una ciencia y la creación simplemente una creencia religiosa? -- ¿Pero la ciencia.? -- ¿Creen los creacionistas que tienen todas las respuestas? -- ¿Qué importancia tiene? -- El evolucionismo justifica el ateísmo -- El evolucionismo es contrario al cristianismo -- Pero, ¿cómo sabemos que Génesis fue escrito para decirnos que las cosas fueron realmente hechas en seis días? ¿No podría haber algún otro significado? -- ¡Espera un minuto! -- Pero, ¿no se formó el carbón en pantanos a lo largo de millones de años? -- Los fósiles, ¿muestran evolución? -- ¿Vemos la evolución en marcha? -- Selección natural y evolución no son lo mismo -- ¿Mutaciones beneficiosas? -- Piénsalo bien -- ¿Que hay de las semejanzas entre los seres vivos? -- ¿Sobras evolutivas? -- La historia de los hombres -- Las dataciones radiométricas, ¿No demuestran una tierra antigua? -- ¿Qué hay de los dinosaurios? -- ¿Biología por casualidad? -- ¿Por qué, pues, hay tantas personas que creen tan decididamente en la evolución? -- La decisión. | ||
| 526 | _aSEG44 | ||
| 526 | _aSEG26 | ||
| 526 | _aP159 | ||
| 526 | _aP155 | ||
| 526 | _aP154 | ||
| 526 | _aP153 | ||
| 526 | _aP150 | ||
| 526 | _aP100 | ||
| 526 | _aP31 | ||
| 526 | _aP30 | ||
| 526 | _aP26 | ||
| 526 | _aP25 | ||
| 526 | _aP24 | ||
| 526 | _aP22 | ||
| 526 | _aP15 | ||
| 526 | _aP10 | ||
| 541 | _g001-0000464; | ||
| 650 | 0 | 4 |
_aEvolución _xCristianismo. |
| 700 | 1 |
_aEscuain, Santiago, _etr. |
|
| 910 |
_agl _bjv _clch _d20091123 |
||
| 942 |
_2ddc _cBOOK |
||
| 949 |
_a575 W56 _wDEWEY _c1 _i60660 _lCCODEBUL1 _mBUL _p6.00 _r0 _sY _tBOOK _u2015-7-6 _xTEOLOGIA _zUNKNOWN _0COMPRA _o.STAFF. Colección General |
||
| 994 |
_aC0 _bPEPRU |
||
| 596 | _a1 | ||
| 999 |
_a575 W56 _wDEWEY _c50072 _i60660 _f2021-11-11 _g5 _lCCODEBUL1 _mBUL _p6.00 _r0 _sY _tBOOK _u2015-7-6 _xTEOLOGIA _zUNKNOWN _0COMPRA _o.STAFF. Colección General _d50072 |
||
| 980 |
_81 _gALBERTO SANCHEZ Responsable de Automatización |
||